Most expensive football transfers - Born in 1989 - Statistics

General Stats
  • This quiz has been taken 23 times
  • The average score is 8 of 12
Answer Stats
Fee (M €) Season Nationality Left Joined Player % Correct
101,00 2013-2014 Wales Tottenham Real Madrid Gareth Bale
100%
63,75 2017-2018 France / Gabon Borussia Dortmund Arsenal Pierre-Emerick Aubameyang
95%
49,40 2017-2018 Iceland Swansea Everton Gylfi Sigurdsson
90%
40,00 2012-2013 Belgium Benfica Zenti S-Pb Axel Witsel
71%
36,00 2014-2015 Spain Athletic Manchester United Ander Herrera
67%
41,00 2010-2011 England Newcastle Liverpool Andy Carroll
67%
42,00 2016-2017 Armenia Borussia Dortmund Manchester United Henrikh Mkhitaryan
67%
42,00 2011-2012 Argentina US Palermo Paris SG Javier Pastore
62%
35,00 2015-2016 France Southampton Manchester United Morgan Schneiderlin
57%
35,00 2016-2017 France Newcastle Tottenham Moussa Sissoko
57%
35,00 2019-2020 Netherlands Barcelona Valencia Jasper Cillessen
48%
35,60 2017-2018 Spain Sevilla FC Atlético Madrid Vitolo
19%
No matching quizzes found
Score Distribution
Percent of People with Each Score
Percentile by Number Answered
Your Score History
You have not taken this quiz